Boats of South Asia / (Record no. 13904)

000 -LEADER
fixed length control field 01564cam a22003854a 4500
001 - CONTROL NUMBER
control field 12878051
005 - DATE AND TIME OF LATEST TRANSACTION
control field 20170105102842.0
008 - FIXED-LENGTH DATA ELEMENTS--GENERAL INFORMATION
fixed length control field 020731s2003 enkab b 001 0 eng
010 ## - LIBRARY OF CONGRESS CONTROL NUMBER
LC control number 2002031604
020 ## - INTERNATIONAL STANDARD BOOK NUMBER
International Standard Book Number 041529746X (hdbk. : alk. paper)
035 ## - SYSTEM CONTROL NUMBER
System control number (OCoLC)ocm50322855
040 ## - CATALOGING SOURCE
Original cataloging agency DLC
Transcribing agency DLC
Modifying agency UKM
-- C#P
-- COD
-- OCLCQ
-- BAKER
-- NLGGC
-- DLC
042 ## - AUTHENTICATION CODE
Authentication code pcc
043 ## - GEOGRAPHIC AREA CODE
Geographic area code az-----
050 00 - LIBRARY OF CONGRESS CALL NUMBER
Classification number GN635.S57
Item number M34 2003
082 00 - DEWEY DECIMAL CLASSIFICATION NUMBER
Classification number 623.8200954
Edition number 21
100 1# - MAIN ENTRY--PERSONAL NAME
Personal name McGrail, Sean.
245 10 - TITLE STATEMENT
Title Boats of South Asia /
Statement of responsibility, etc. Seán McGrail with Lucy Blue, Eric Kentley and Colin Palmer ; introduction by Basil Greenhill.
260 ## - PUBLICATION, DISTRIBUTION, ETC.
Place of publication, distribution, etc. New York :
Name of publisher, distributor, etc. RoutledgeCurzon :
-- In Association with the Society for South Asian Studies,
Date of publication, distribution, etc. 2003.
300 ## - PHYSICAL DESCRIPTION
Extent xvi, 316 p. :
Other physical details ill., maps ;
Dimensions 24 cm.
440 #0 - SERIES STATEMENT/ADDED ENTRY--TITLE
Title RoutledgeCurzon studies in South Asia
440 #0 - SERIES STATEMENT/ADDED ENTRY--TITLE
Title Monograph of the Society for South Asian Studies
504 ## - BIBLIOGRAPHY, ETC. NOTE
Bibliography, etc. note Includes bibliographical references (p. 291-299) and indexes.
650 #0 - SUBJECT ADDED ENTRY--TOPICAL TERM
Topical term or geographic name entry element Maritime anthropology
Geographic subdivision South Asia.
650 #0 - SUBJECT ADDED ENTRY--TOPICAL TERM
Topical term or geographic name entry element Boats and boating
Geographic subdivision South Asia.
650 #0 - SUBJECT ADDED ENTRY--TOPICAL TERM
Topical term or geographic name entry element Boatbuilding
Geographic subdivision South Asia.
651 #0 - SUBJECT ADDED ENTRY--GEOGRAPHIC NAME
Geographic name South Asia
General subdivision Social life and customs.
700 1# - ADDED ENTRY--PERSONAL NAME
Personal name Blue, Lucy Katherine.
700 1# - ADDED ENTRY--PERSONAL NAME
Personal name Kentley, Eric.
700 1# - ADDED ENTRY--PERSONAL NAME
Personal name Palmer, Colin.
856 42 - ELECTRONIC LOCATION AND ACCESS
Materials specified Publisher description
Uniform Resource Identifier <a href="http://www.loc.gov/catdir/enhancements/fy0650/2002031604-d.html">http://www.loc.gov/catdir/enhancements/fy0650/2002031604-d.html</a>
906 ## - LOCAL DATA ELEMENT F, LDF (RLIN)
a 7
b cbc
c orignew
d 1
e ocip
f 20
g y-gencatlg
942 ## - ADDED ENTRY ELEMENTS (KOHA)
Source of classification or shelving scheme
Koha item type Book
Holdings
Withdrawn status Lost status Damaged status Not for loan Collection code Permanent Location Current Location Shelving location Date acquired Total Checkouts Full call number Barcode Date last seen Price effective from Koha item type
          Centre for International Peace & Stability (CIPS) Centre for International Peace & Stability (CIPS) General Stacks 08/01/2013   623.8200954 MCG 2003 CIPS0000014 08/02/2013 01/05/2017 Book
© 2023 Central Library, National University of Sciences and Technology. All Rights Reserved.